MDQL
is popping MORE tags! Check the
thread
!
Quizzes
Events
Quiz Creation
Community
Videos
Private Events
Remove Ads
Sign In
Join for FREE
Feedback
Dark Mode
Quiz Categories
Sports
Geography
Music
Movies
Television
Just For Fun
Miscellaneous
History
Literature
Language
Science
Gaming
Entertainment
Religion
Holiday
For Kids
Quiz Lab
Recent
Popular Today
Quiz Kudos Today
Editor Picks
Curator Picks
Quizzes by...
Day
Popularity
Type
Ratings
Length
Year
Community
Subscriptions
Recent Discussions
Orange Saloon
Badges
Playlists
Quests
Create
Leaderboards
Showdown
Live 5
Trivia Bingo
Activity
Puzzle Library
Sporcle Events
Private Events
Virtual Trivia
Globe League
Become a Host
Pub Owners
SporcleCon
Opinionation
Our Games
Videos
Blog
Mobile Apps
Partnerships
Remove Ads and Go Orange
Feedback
Sports
Athletes
MLB
NBA
NHL
NFL
Soccer
Sports Teams
WWE
NCAA
Football
Premier League
Basketball
Baseball
Hockey
Golf
Tennis
Cricket
Rugby
Auto Racing
Olympics
World Cup
Sports
Athletes
MLB
NBA
NHL
NFL
Soccer
Sports Teams
WWE
NCAA
Football
Premier League
Basketball
Baseball
Hockey
Golf
Tennis
Cricket
Rugby
Auto Racing
Olympics
World Cup
Random Quiz
Search Sporcle
×
Quiz Lab
Quiz Lab
Sports
ERA Leaders
Type in answers that appear in a list
Type in answers that appear in a list
Classic
Best Score? Go Orange.
Adjusted ERA+ Leaders Stats
Can you name the All-time Adjusted ERA+ Leaders?
By
lukespringer
15m
100 Questions
163 Plays
163 Plays
163 Plays
Comments
Comments
Give Quiz Kudos
Give Quiz Kudos
-
- Ratings
hide this ad
More Info
Replay
Link that replays current quiz
Next Quiz
Link to next quiz in quiz playlist
You Got
0%
They Got
Avg Score
41%
Avg Friend Score
Upgrade to see
Score Distribution
Jump to the score distribution portion of the page
Score
0/100
Timer
15:00
0
Plays Today
#= Hall of Fame
% Correct
1988-
2009
Randy Johnson
98.8%
1907-
1927#
Walter Johnson
98.2%
1992-
present
Pedro Martinez
95.7%
1986-
2008
Gred Maddux
95.1%
1984-
2007
Roger Clemens
93.9%
1890-
1911#
Cy Young
92%
1987-
present
Tom Glavine
90.8%
1988-
present
John Smoltz
88.3%
1955-
1966#
Sandy Koufax
82.8%
1967-
1986#
Tom Seaver
79.8%
1959-
1975#
Bob Gibson
79.1%
1998-
present
Roy Halladay
77.9%
1965-
1988#
Steve Carlton
77.9%
1988-
2007
Curt Schilling
74.8%
1950-
1967#
Whitey Ford
74.2%
2000-
present
Johan Santana
71.8%
1925-
1941 #
Lefty Grove
69.9%
1956-
1969#
Don Drysdale
69.3%
1911-
1930#
Pete Alexander
68.1%
1965-
1984#
Jim Palmer
66.3%
1942-
1965#
Warren Spahn
66.3%
1986-
2005
Kevin Brown
65.6%
1933-
1948
Thornton Lee
65.6%
1903-
1916#
Mordecai Brown
65%
2001-
present
Roy Oswalt
63.8%
1991-
2008
Mike Mussina
63.2%
1936-
1956#
Bob Feller
62.6%
2001-
present
CC Sabathia
62.6%
1960-
1975#
Juan Marichal
60.7%
1900-
1916#
Christy Matthewson
60.1%
1970-
1992
Bert Blyleven
60.1%
1995-
present
Andy Pettitte
59.5%
1962-
1983#
Gaylord Perry
58.3%
1997-
present
Tim Hudson
57.7%
#= Hall of Fame
% Correct
1997-
present
Chris Carpenter
56.4%
1930-
1943#
Lefty Gomez
55.8%
1965-
1983#
Fergie Jenkins
53.4%
1986-
2003
David Cone
52.1%
1975-
1988
Ron Guidry
51.5%
1975-
1998#
Dennis Eckersley
51.5%
2001-
present
Josh Beckett
50.3%
1930-
1947#
Dizzy Dean
48.5%
1984-
2001
Bret Saberhagen
47.9%
1928-
1943#
Carl Hubbell
43.6%
1939-
1955#
Hal Newhouser
41.1%
1904-
1917#
Ed Walsh
40.5%
1902-
1910#
Addie Joss
39.3%
1979-
1998
Dave Stieb
38%
1941-
1958#
Bob Lemon
38%
1915-
1935#
Dazzy Vance
36.8%
1890-
1906#
Kid Nichols
36.2%
2000-
present
Mark Buehrle
36.2%
2002-
present
John Lackey
36.2%
1887-
1910#
Rube Waddell
35.6%
2001-
present
Carlos Zambrano
34.4%
1973-
1985
Steve Rogers
31.9%
1901-
1917#
Eddie Plank
31.9%
1997-
present
Derek Lowe
29.4%
1923-
1946#
Ted Lyons
28.8%
1898-
1910#
Vic Willis
27.6%
1989-
2004
Kevin Appier
27%
1986-
2002
Chuck Finley
25.8%
1984-
1998
Jimmy Key
23.9%
1899-
1908#
Joe McGinnity
23.9%
1933-
1953
Dutch Leonard
22.7%
1905-
1920
Eddie Cicotte
22.1%
1948-
1961
Mike Garcia
22.1%
1938-
1949
Mort Cooper
21.5%
#= Hall of Fame
% Correct
1912-
1926
Wilbur Cooper
21.5%
1912-
1928#
Stan Coveleski
20.9%
1984-
2002
Jose Rijo
20.9%
1914-
1933#
Red Faber
19.6%
1990-
2000
Alex Fernandez
19.6%
1945-
1964
Billy Pierce
19%
1916-
1928
Urban Shocker
17.8%
1906-
1926
Babe Adams
16.6%
1979-
1990
John Tudor
16%
1961-
1971
Dean Chance
16%
1927-
1941
Wes Ferrell
16%
1915-
1929
Carl Mays
15.3%
1944-
1955
Ed Lopat
15.3%
1934-
1946
Curt Davis
14.7%
1945-
1958
Sal Maglie
13.5%
1938-
1957
Dizzy Trout
13.5%
1941-
1958
Virgil Trucks
13.5%
1947-
1956
Mel Parnell
12.9%
1898-
1910
Sam Leever
12.3%
1905-
1917
Ed Reulbach
11.7%
1899-
1911
Deacon Phillippe
10.4%
1967-
1977
Gary Nolan
9.8%
1938-
1954
Preacher Roe
9.2%
1940-
1953
Harry Brecheen
8.6%
1968-
1979
Andy Messersmith
8%
1940-
1946
Tommy Bridges
6.7%
1930-
1945
Lon Warneke
6.7%
1920-
1932
Eddie Rommel
5.5%
1908-
1921
Hippo Vaughn
5.5%
1948-
1961
Johnny Antonelli
5.5%
1914-
1935
Dolf Luque
4.9%
1907-
1916
Nap Rucker
3.7%
Quiz Playlist
Details
Report
Send in Message
Add To Playlist
More Info:
Starting pitchers only with 225 career post-1895 starts.
Classic:
Type in answers that appear in a list
Quiz Source
Last Updated: Feb 16, 2017
Quiz Scoreboard
CHALLENGE
Sign Up to Join the Scoreboard
Show All
Scores
Hide
Comments
May contain spoilers
Recently Published
Colored Red Africa Blitz
by spor1
Geography
30s
Find the 'City' Movie
by crazypaving
Movies
60s
5x2 Blitz: Bands
by SL_Kpop136
Music
30s
More to Explore
Quiz From the Vault
Featured Blog Post
14 Easter Pick-up Lines to Find Eggs With
hide this ad
You Might Also Like...
Tags
Adjusted
Era
ERA Leaders
fame
hall
Today's Top Quizzes in Sports
Browse Sports
hide this ad
Today's Top Quizzes in ERA Leaders
Browse ERA Leaders
Top Contributed Quizzes in Sports
1
Players with Multiple 50 Home Run Seasons
2
Les entraîneurs de l'OM et du PSG au 21e siècle
3
Criteria MLB: Left Handed Sluggers
4
2022 World Cup Stars
5
Les meilleurs buteurs des matchs entre le PSG et l’OM
6
Who Hit More Homers?
7
Les joueurs passés par le PSG et l'OM
8
NBA Logic Puzzle 2.0
9
Top 10 NHL Goal Scorers of All Time
10
MLB Players with Two .350 Batting Average Seasons
Explore More
Trending Topics
Disney
Crossword
Kpop
NBA
Marvel
Harry Potter
Anime
Pokémon
NFL
The Office
Country
Soccer
Puzzle
Song
WWE
hide this ad
More By:
lukespringer
Quiz
Plays
Rating
Category
Featured
Created
B Home Run Hitters
265
1.45
Sports
Feb 14, 2010
C Home Run Hitters
173
3.67
Sports
Feb 21, 2010
Adjusted ERA+ Leaders
163
1.00
Sports
Jan 29, 2010
Go to Creator's Profile
Score Distribution
Quiz Creator Spotlight
lukespringer
Follow
Send a Message
Quizzes Created
-
Created Quiz Play Count
-
More By This Creator
Popular Quizzes Today
1
Find the 'City' Movie
2
Colored Red Africa Blitz
3
Find the US States - No Outlines Minefield
4
5x2 Blitz: Bands
5
The Countries of the World
6
Find the US States
7
US States
8
9x9 Crossword: Cartoon Network
More Sports Quizzes
Riyad Mahrez's Hat-trick XI's
Quiz Lab
Trending Quizzes
Colored Red Europe Blitz I
Colored Red Africa Blitz II
Colored Red Europe Blitz II
Colored Red Africa Blitz III
Colored Red Europe Blitz III
Recently Updated
2024 March Madness Bracket
pecheneg
Famous TV Couples
Peacemaker
Champions League XIs: Real Madrid
pecheneg
Largest US Cities 1790-2010
pecheneg
Rides in Walt Disney World
pecheneg
Most Oscar Losses (Acting)
pecheneg
Beyoncé Albums
pecheneg
Leaping Animals
pecheneg
Reality TV Shows (A-Z)
bhenderson79
Rickey Henderson's Hall of Fame Teammates
pecheneg
Trending Topics
NBA
Kpop
Anime
Crossword
Marvel
Disney
Harry Potter
Soccer
Song
The Office
WWE
Puzzle
Pokémon
Country
NFL
Your Account Isn't Verified!
In order to create a playlist on Sporcle, you need to verify the email address you used during registration. Go to your
Sporcle Settings
to finish the process.
Report this User
Report this user for behavior that violates our
Community Guidelines
.
Details:
Send Report
Go to the Sporcle.com Mobile Site →
Comments